<?xml version="1.0" encoding="UTF-8"?>
<record
    xmlns:xsi="http://www.w3.org/2001/XMLSchema-instance"
    xsi:schemaLocation="http://www.loc.gov/MARC21/slim http://www.loc.gov/standards/marcxml/schema/MARC21slim.xsd"
    xmlns="http://www.loc.gov/MARC21/slim">

  <leader>01915nam a2200337   4500</leader>
  <controlfield tag="001">179148</controlfield>
  <controlfield tag="003">ES-MaACL</controlfield>
  <controlfield tag="005">20250428063008.0</controlfield>
  <controlfield tag="008">110919s2008    sp           |||| | spa d</controlfield>
  <datafield tag="020" ind1=" " ind2=" ">
    <subfield code="a">978-84-96860-93-3</subfield>
  </datafield>
  <datafield tag="080" ind1=" " ind2=" ">
    <subfield code="a">28:008(4)(091)</subfield>
  </datafield>
  <datafield tag="080" ind1=" " ind2=" ">
    <subfield code="a">316.72(4)(091)</subfield>
  </datafield>
  <datafield tag="080" ind1=" " ind2=" ">
    <subfield code="a">008(4)</subfield>
  </datafield>
  <datafield tag="245" ind1="0" ind2="3">
    <subfield code="a">La identidad de Europa </subfield>
    <subfield code="b">: tradici&#xF3;n cl&#xE1;sica y modernidad / </subfield>
    <subfield code="c">Dalmacio Negro Pav&#xF3;n, Pablo S&#xE1;nchez Garrido (editores).</subfield>
  </datafield>
  <datafield tag="250" ind1=" " ind2=" ">
    <subfield code="a">1&#xAA; ed.</subfield>
  </datafield>
  <datafield tag="260" ind1=" " ind2=" ">
    <subfield code="a">Madrid : </subfield>
    <subfield code="b">Fundaci&#xF3;n Universitaria San Pablo CEU, </subfield>
    <subfield code="c">2008.</subfield>
  </datafield>
  <datafield tag="300" ind1=" " ind2=" ">
    <subfield code="a">406 p. ; </subfield>
    <subfield code="c">21 cm.</subfield>
  </datafield>
  <datafield tag="490" ind1="1" ind2=" ">
    <subfield code="a">CEU ; </subfield>
    <subfield code="v">1</subfield>
  </datafield>
  <datafield tag="520" ind1=" " ind2=" ">
    <subfield code="a">Bajo el subtitulo Tradici&#xF3;n cl&#xE1;sica y modernidad, los trabajos reunidos en este libro son el resultado de varios seminarios en torno a la esencia o identidad de Europa y su relaci&#xF3;n con el cristianismo. Los seminarios tuvieron lugar durante los cursos 2005-2007 en el Instituto CEU de Humanidades &#xC1;ngel Ayala, en la Universidad CEU San Pablo. Esta publicaci&#xF3;n se puede resumir en tres partes. La primera estudia importantes jalones de historia actual. La segunda aborda cuestiones de historia del pensamiento. La tercera versa sobre arte y literatura. Cada una va precedida por una enjundiosa introducci&#xF3;n de autoridad a cargo de Luis Su&#xE1;rez Fern&#xE1;ndez, Enrique Mart&#xED;n L&#xF3;pez y Jos&#xE9; Luis Varela Iglesias, respectivamente.</subfield>
  </datafield>
  <datafield tag="650" ind1=" " ind2="7">
    <subfield code="a">Cristianismo y cultura-</subfield>
    <subfield code="z">Europa-</subfield>
    <subfield code="v">Historia.</subfield>
    <subfield code="9">147975</subfield>
  </datafield>
  <datafield tag="650" ind1="0" ind2="7">
    <subfield code="a">Identidad cultural-</subfield>
    <subfield code="z">Europa.</subfield>
    <subfield code="9">13539</subfield>
  </datafield>
  <datafield tag="651" ind1=" " ind2="7">
    <subfield code="a">Europa-</subfield>
    <subfield code="x">Civilizaci&#xF3;n.</subfield>
    <subfield code="9">8584</subfield>
  </datafield>
  <datafield tag="700" ind1="0" ind2=" ">
    <subfield code="a">Negro Pav&#xF3;n, Dalmacio</subfield>
    <subfield code="9">85316</subfield>
    <subfield code="e">aut</subfield>
  </datafield>
  <datafield tag="700" ind1="1" ind2=" ">
    <subfield code="a">S&#xE1;nchez Garrido, Pablo</subfield>
    <subfield code="9">147976</subfield>
    <subfield code="e">aut</subfield>
  </datafield>
  <datafield tag="710" ind1="2" ind2=" ">
    <subfield code="a">Fundaci&#xF3;n Universitaria San Pablo</subfield>
    <subfield code="9">147977</subfield>
  </datafield>
  <datafield tag="830" ind1="0" ind2=" ">
    <subfield code="a">CEU ; </subfield>
    <subfield code="v">1</subfield>
    <subfield code="9">224410</subfield>
  </datafield>
  <datafield tag="852" ind1=" " ind2=" ">
    <subfield code="a">ES-MaACL</subfield>
    <subfield code="9">186021</subfield>
    <subfield code="b">R.146362</subfield>
    <subfield code="j">A-11530</subfield>
    <subfield code="d">Olim: N-4534</subfield>
    <subfield code="c">DEPO1</subfield>
  </datafield>
  <datafield tag="942" ind1=" " ind2=" ">
    <subfield code="2">udc</subfield>
    <subfield code="c">MONOGRAFIA</subfield>
    <subfield code="n">0</subfield>
  </datafield>
  <datafield tag="999" ind1=" " ind2=" ">
    <subfield code="c">179148</subfield>
    <subfield code="d">179148</subfield>
  </datafield>
  <datafield tag="952" ind1=" " ind2=" ">
    <subfield code="0">0</subfield>
    <subfield code="1">0</subfield>
    <subfield code="2">udc</subfield>
    <subfield code="4">0</subfield>
    <subfield code="7">0</subfield>
    <subfield code="a">ATENEOM</subfield>
    <subfield code="b">ATENEOM</subfield>
    <subfield code="c">DEPO1</subfield>
    <subfield code="d">2011-09-19</subfield>
    <subfield code="e">COMPRA</subfield>
    <subfield code="l">0</subfield>
    <subfield code="o">A-11530</subfield>
    <subfield code="p">1188188</subfield>
    <subfield code="r">2023-02-23 00:00:00</subfield>
    <subfield code="w">2023-02-23</subfield>
    <subfield code="y">MONOGRAFIA</subfield>
  </datafield>
</record>
